Estudios de Derecho Fiscal Romano

Detalles Bibliográficos
Autor principal: Agudo Ruiz, Alfonso
Formato: eBook
Lenguaje:español
Publicado: Madrid: Dykinson, 2016
Materias:
Acceso en línea:Acceso restringido

MARC

LEADER 00000nam a22000007a 4500
005 20170221214229.0
007 cr|||| ||||
008 170221s2016 es |||||s|||| 00||0 spa d
020 |a 978-84-9085-715-1 
035 |a 14741 
040 |a vLex 
090 |c 6561  |d 6561 
100 1 |a Agudo Ruiz, Alfonso 
245 1 0 |a Estudios de Derecho Fiscal Romano  |h [Recurso electrn̤ico] /  |c Alfonso Agudo Ruiz 
256 |a Servicio en ln̕ea 
260 |a Madrid:  |b Dykinson,  |c 2016 
300 |a 1 recurso electrn̤ico 
506 1 |a Disponible solo en los productos indicados  |d vLex Global  |d vLex Global (Academic Edition, excluding Law Schools)  |d vLex Global (U.S. Academic Edition, Law Schools)  |d vLex Global (U.S. Academic Edition, excluding Law Schools)  |d vLex Global (Academic Edition, Law Schools) 
650 0 4 |a Derecho Fiscal  |z Espaą 
740 0 |a vLex Libros (Servicio en ln̕ea) 
856 4 0 |u http://vlex.com/source/estudios-derecho-fiscal-romano-14741  |z Acceso restringido 
942 |c BOOK 
999 0 |a Tax Law